Proposición, mediante simulación, de mejoras de diseño y funcionamiento para una torre de refinamiento de crudo proveniente del proceso de pirólosis de plásticos, realizado por la Compañía Balanced Energy

Đã lưu trong:
Chi tiết về thư mục
Tác giả chính: Gómez Buchakam, Andrea
Định dạng: Sách
Ngôn ngữ:Spanish
Được phát hành: San José, Costa Rica 2018
Những chủ đề:
Các nhãn: Thêm thẻ
Không có thẻ, Là người đầu tiên thẻ bản ghi này!

MARC

LEADER 00000nam a22000007a 4500
003 012885
005 20221231144323.0
008 180625b2018 cr a|||| |||m 00| ||spa d
040 |c cru CEDI 
090 |a TFG 8036 
100 |9 12440  |a Gómez Buchakam, Andrea 
245 |a Proposición, mediante simulación, de mejoras de diseño y funcionamiento para una torre de refinamiento de crudo proveniente del proceso de pirólosis de plásticos, realizado por la Compañía Balanced Energy 
260 |a San José, Costa Rica  |c 2018 
300 |a xviii,134 hojas :ilustraciones a color 
500 |a Proyecto de graduación(licenciatura en ingeniería química)--Universidad de Costa Rica. Facultad de Ingeniería. Escuela de Ingeniería Química 
650 |x PIROLISIS  |x PETROLEO  |x NORMAS (INGENIERIA)   |x REFINACION DEL PETROLEO  |x DESTILACION  |x INGENIERÍA QUÍMICA  |9 12441 
942 |c TFG 
999 |c 20101  |d 20101